Macbeth

محفوظ في:
التفاصيل البيبلوغرافية
المؤلف الرئيسي: Shakespeare, William
التنسيق: كتاب
اللغة:Undetermined
منشور في: San José, Costa Rica EDUCA 1997
الطبعة:2
الموضوعات:
الوسوم: إضافة وسم
لا توجد وسوم, كن أول من يضع وسما على هذه التسجيلة!

MARC

LEADER 00000nam a2200000Ia 4500
008 170316s9999 xx 000 0 und d
040 |a cru BVZT 
090 |a 820 S-5m 
100 |a Shakespeare, William 
245 |a Macbeth 
250 |a 2 
260 |a San José, Costa Rica 
260 |b EDUCA 
260 |c 1997 
300 |a 127 páginas 
650 |a LITERATURA INGLESA 
999 |c 7149  |d 7149 
942 |c 15 D  |h 820 S-5m  |2 z